| 000 | 00354cam a2200145ua 4500 | ||
|---|---|---|---|
| 041 |
_ahin _h |
||
| 082 |
_a891.43 _bPRA/Aa |
||
| 100 | _aPramgnatha, Vanaspathi . | ||
| 245 |
_aAathersh balak / _c{ramghnatha Vanaspathi. _hTextual Documents |
||
| 260 |
_aDelhi : _bRajpal , _c1961. |
||
| 300 | _a30 ; . | ||
| 504 | _a | ||
| 942 | _cBK | ||
| 999 |
_c2558 _d2558 |
||